000 00191 a2200109 4500
020 _a9780452279186
041 _aeng
100 _aJulia Alvarez
245 _aYo
942 _cBK
952 _71
999 _c25124
_d25124